Rod Wave songs as synonyms - Statistics

General Stats
  • This quiz has been taken 66 times
  • The average score is 4 of 8
Answer Stats
Hint Answer % Correct
Final Run Last lap
88%
Cardiac Organ on Glacier Heart on Ice
82%
Men Don't Weap Boyz dont cry
81%
Toxin Poison
58%
Govermental Torture Federal Nightmares
39%
Cardiac Organ on offer Heart 4 sale
37%
Firm Events Hard times
26%
Reminiscence Nostalgia
21%
No matching quizzes found
Score Distribution
Percent of People with Each Score
Percentile by Number Answered
Your Score History
You have not taken this quiz